| 000 | 00913nam a2200265 i 4500 | ||
|---|---|---|---|
| 001 | 108747 | ||
| 003 | ES-MaACL | ||
| 005 | 20230906184712.0 | ||
| 007 | t| | ||
| 008 | 061121s1984 sp r ||||1| spa d | ||
| 020 | _a84-276-0676-1 | ||
| 080 | _a821.134.2-14"14" | ||
| 100 | 1 |
_aMontoro, Antón de. _982689 |
|
| 245 | 1 | 0 |
_aCancionero / _cAntón de Montoro ; edición preparada por Francisco Cantera Burgos y Carlos Carrete Parrondo. |
| 260 |
_aMadrid : _bEditora Nacional, _c[1984] |
||
| 300 |
_a329 p. ; _c18 cm. |
||
| 490 | 1 |
_aBiblioteca de la literatura y el pensamiento hispánicos ; _v64 |
|
| 500 | _aÍndices. | ||
| 504 | _aBibliografía: p. 38- 42. | ||
| 700 | 1 |
_aCantera Burgos, Francisco. _934642 |
|
| 700 | 1 |
_aCarrete Parrondo, Carlos. _935709 |
|
| 830 | 1 |
_aBiblioteca de la literatura y el pensamiento hispánicos ; _v64 _9180925 |
|
| 852 | 4 |
_aES-MaACL _jL-8637 |
|
| 999 |
_c108747 _d108747 |
||